Music Quiz

Random Music or Album Quiz

Dave Matthews Band Albums Quiz Stats

 Plays Quiz Updated Mar 2, 2019

Score 0/9 Timer 02:00
1 Play Today
Year Album Title % Correct
1996Crash
89.1%
1994Under the Table and Dreaming
85.8%
2001Everyday
64%
2002Busted Stuff
60.1%
1998Before These Crowded Streets
59.5%
2005Stand Up
58.8%
2009Big Whiskey and the GrooGrux King
58.6%
2012Away from the World
50.6%
2018Come Tomorrow
38.3%

You're not logged in!

Compare scores with friends on all Sporcle quizzes.
OR
Log In

Sporcle TV

Today on Sporcle TV


Watch our educational content, quiz creation guides, and fun videos on Sporcle TV.

Show Comments

Extras

Top Quizzes Today


Score Distribution

Your Account Isn't Verified!

In order to create a playlist on Sporcle, you need to verify the email address you used during registration. Go to your Sporcle Settings to finish the process.

Report this User

Report this user for behavior that violates our Community Guidelines.

Details: